Music Quiz

Random Music Quiz

Fat Bottomed Girls Quiz Stats

Quiz not verified by Sporcle

Also try: Opera Composers
Challenge
Share
Tweet
Embed
Score 0/285 Timer 13:00
1 Play Today
% Correct
you
98.3%
you
98.3%
you
98.3%
you
98.3%
you
98.3%
you
98.3%
you
98.3%
you
98.3%
you
98.3%
you
98.3%
you
98.3%
you
98.3%
you
98.3%
you
98.3%
go
97.5%
go
97.5%
go
97.5%
go
97.5%
go
97.5%
Fat
97.1%
fat
97.1%
Fat
97.1%
Fat
97.1%
Fat
97.1%
Fat
97.1%
fat
97.1%
Fat
97.1%
Fat
97.1%
the
96.4%
a
96.4%
a
96.4%
a
96.4%
the
96.4%
the
96.4%
the
96.4%
a
96.4%
the
96.4%
the
96.4%
the
96.4%
a
96.4%
the
96.4%
the
96.4%
girls,
96%
I
96%
I
96%
I
96%
I
96%
girls,
96%
girls,
96%
I
96%
I
96%
I
96%
girls,
96%
girls,
96%
girls
96%
girls,
96%
girls
96%
bottomed
95.9%
bottomed
95.9%
bottomed
95.9%
bottomed
95.9%
bottomed
95.9%
bottomed
95.9%
bottomed
95.9%
bottomed
95.9%
make
95.6%
make
95.6%
make
95.6%
make
95.6%
make
95.6%
world
95.1%
world
95.1%
world
95.1%
world
95.1%
world
95.1%
me
94.9%
round
94.9%
me
94.9%
me
94.9%
me
94.9%
round
94.9%
round
94.9%
me,
94.9%
me
94.9%
round
94.9%
round
94.9%
rockin'
94.1%
rockin'
94.1%
rockin'
94.1%
rockin'
94.1%
rockin'
94.1%
take
92.9%
Take
92.9%
take
92.9%
take
92.9%
% Correct
to
92.7%
tonight
92.2%
tonight?
92.2%
tonight
92.2%
home
91.9%
home
91.9%
home
91.9%
Ooh
91.9%
Ah,
91.3%
Oh,
91.3%
Oh,
91.3%
Oh,
91.3%
Oh,
91.3%
Oh,
91.3%
Oh,
91.3%
Oh,
91.3%
oh
91.3%
it
91%
it
91%
it
91%
all
90.8%
all
90.8%
all
90.8%
All
90.8%
was
90%
was
90%
out
89.5%
out
89.5%
out
89.5%
that
88.9%
that
88.9%
red
87.2%
from
87.2%
bad
87.2%
bad
87.2%
red
87.2%
red
87.2%
gonna
87%
gonna
87%
just
87%
no
87%
no
87%
gonna
87%
gonna
87%
of
86.1%
of
86.1%
of
86.1%
lad,
85.9%
big
85.9%
big
85.9%
big
85.9%
big
85.9%
good
85.6%
beside
85.4%
beside
85.4%
beside
85.4%
down
85.1%
down
85.1%
down
85.1%
knew
84.8%
knew
84.8%
let
84.5%
let
84.5%
hang
83.5%
my
83.5%
my
83.5%
my
83.5%
my
83.5%
hang
83.5%
never
83.4%
But
81.8%
boy
81.8%
But
81.8%
but
81.8%
skinny
81.3%
with
81.3%
with
81.3%
she
81%
made
80%
made
80%
woman
79.9%
woman,
79.9%
such
79.2%
naughty
78%
on
78%
on
78%
Are
77.8%
and
77.8%
and
77.8%
and
77.8%
and
77.8%
Are
77.3%
firelight
76.4%
firelight
76.4%
firelight
76.4%
% Correct
your
75.6%
got
75.6%
your
75.6%
got
75.6%
got
75.6%
your
75.6%
left
75.3%
Left
75.3%
nanny
71.3%
Heap
71.3%
Heap
71.3%
alone
71%
before
70.8%
get
68.3%
get
68.3%
Get
68.3%
ev'ry
66.7%
every
66.7%
won't
66.1%
fanny,
65.8%
Hey,
65.5%
Hey,
65.5%
hey
65.5%
Hey,
65.5%
blue
64.8%
I've
64.5%
eyed
64.3%
give
64%
way
63.9%
in
63.1%
in
63.1%
man
62.8%
beauty
60.9%
beauty
60.9%
ride
60.4%
ride
60.4%
while
59.7%
across
59.6%
across
59.6%
time,
59.6%
land
59.1%
after
59.1%
been
59%
seen
59%
this
58.8%
this
58.8%
yeah,
58.6%
yeah,
58.6%
yeah
58.6%
yeah
58.6%
yeah,
58.6%
yeah
58.6%
nursery
58.3%
Now
58.2%
now
58.2%
their
57.1%
their
57.1%
bikes
55.5%
style
55%
life
54.8%
kind
53.2%
band,
52.8%
treasure
51.3%
still
50.9%
still
50.9%
'em
50.2%
pleasure
49.6%
floozy
48.7%
them
48.2%
them
48.2%
singing
47.9%
smooth
47.7%
Ain't
47.5%
greatest
47.5%
bones
45.8%
queens
45.3%
ladies
44.4%
stiffness
42.8%
locality,
39.8%
Yes,
37.9%
yes
37.9%
went
37.7%
Please!
37.4%
tell
37.2%
right
36%
homes,
33.3%
mortgages
33%
C'mon
30.7%
listen
29.5%
gone
28.4%
here
27.3%
wire,
23.8%
dirty
20.9%
cowboys
18.4%
Whoo
8.7%

You're not logged in!

Compare scores with friends on all Sporcle quizzes.
Join for Free
OR
Log In

You Might Also Like...

Show Comments

Extras

Created Dec 14, 2012ReportNominate
Tags:fat, girl, queen

Top Quizzes Today


Score Distribution

Your Account Isn't Verified!

In order to create a playlist on Sporcle, you need to verify the email address you used during registration. Go to your Sporcle Settings to finish the process.

Report this User

Report this user for behavior that violates our Community Guidelines.

Details: